000 00755nam a22002297a 4500
005 20180210144851.0
010 _aENG-122230
020 _a9780199476084
_c650.00
020 _a019947608X
_c650.00
035 _aEN-105762
037 _bDBAD/PUB
082 _a338.0640954
245 _aIndia as a pioneer of innovation /
_cedited by Harbir singh, Ananth Padmanabhan [and] Ezekiel J. Emanuel
260 _aNew Delhi
_bOxford University Press
_cc2017
270 _a2/11 Ground floor, Ansari Road, Daryaganj
_bNew Delhi
_e110002
300 _axxiii, 226p.
_b23cm(Hb)
500 _aIt includes index
700 _aSingh, Harbir
700 _aPadmanabhan, Ananth
700 _aEmanuel, Ezekiel
942 _2ddc
_cEN
_h338.0640954
_mIND
999 _c149853
_d149853